Statistics for Biggest Cities by Continent A-Z

Click here to take the quiz!

General Stats

  • This quiz has been taken 127 times
  • The average score is 53 of 129

Answer Stats

Cities Population % Correct
Cairo17.1 mil
90%
London14.5 mil
89%
Beijing20.7 mil
88%
Paris11.3 mil
86%
Moscow17.1 mil
86%
New York City22.2 mil
85%
Los Angeles17.7 mil
84%
Delhi27.2 mil
82%
Buenos Aires16.0 mil
81%
Johannesburg13.1 mil
81%
Chicago9.8 mil
79%
Mexico City22.3 mil
79%
Tokyo39.8 mil
78%
São Paulo21.9 mil
78%
Rio de Janeiro12.7 mil
78%
Shanghai31.1 mil
77%
Lagos17.6 mil
75%
Rome3.6 mil
74%
Istanbul14.6 mil
73%
Barcelona4.7 mil
73%
Sydney5.0 mil
73%
Jakarta28.9 mil
71%
Melbourne4.5 mil
71%
Perth2.0 mil
70%
Houston6.4 mil
70%
Caracas3.7 mil
69%
Boston7.6 mil
69%
Dallas6.8 mil
69%
Lima10.1 mil
69%
Auckland1.5 mil
69%
Manila24.1 mil
68%
Kinshasa10.9 mil
68%
Brisbane2.9 mil
67%
Nairobi5.4 mil
67%
Toronto7.2 mil
65%
Athens3.4 mil
65%
Wellington0.4 mil
65%
Philadelphia7.4 mil
64%
San Francisco7.7 mil
63%
Washington8.4 mil
63%
St. Petersburg5.5 mil
63%
Alexandria5.2 mil
62%
Guangzhou48.6 mil
62%
Kiev3.4 mil
59%
Atlanta5.6 mil
58%
Karachi25.1 mil
56%
Osaka17.8 mil
56%
Hamburg2.8 mil
54%
Oslo1.2 mil
54%
Frankfurt3.2 mil
54%
Canberra0.4 mil
53%
Warsaw2.3 mil
53%
Dar es Salaam5.6 mil
52%
Naples4.3 mil
52%
Vienna2.2 mil
48%
Guadalajara5.1 mil
48%
Quito2.6 mil
48%
Zürich1.4 mil
47%
Vancouver2.5 mil
46%
Cologne4.9 mil
43%
Xi'an6.9 mil
43%
Orlando3.2 mil
43%
Tunis2.5 mil
43%
Chennai10.3 mil
43%
Asunción2.3 mil
42%
Rabat1.9 mil
42%
Lahore10.5 mil
37%
Riyadh6.9 mil
36%
Edmonton1.3 mil
35%
Indianapolis1.9 mil
35%
Mogadishu1.8 mil
35%
Jacksonville1.4 mil
34%
Turin1.7 mil
33%
Medellín3.9 mil
32%
Ahmedabad7.7 mil
32%
Hyderabad9.2 mil
32%
Fortaleza3.7 mil
31%
Harare2.4 mil
27%
Kansas City1.9 mil
25%
Glasgow1.6 mil
25%
Freetown1.6 mil
24%
Porto Alegre4.1 mil
24%
Wuhan8.1 mil
24%
Ouagadougou2.2 mil
24%
Yekaterinburg1.6 mil
23%
Yaoundé3.0 mil
23%
Ürümqi3.8 mil
23%
Gold Coast0.6 mil
22%
Essen0.6 mil
21%
Yangon5.3 mil
20%
Nagoya10.5 mil
19%
Raleigh1.5 mil
19%
Bamako3.1 mil
19%
Valencia2.0 mil
18%
Newcastle0.3 mil
16%
Guayaquil3.0 mil
15%
Fresno0.6 mil
13%
Ibadan3.3 mil
13%
Faisalabad4.1 mil
12%
Ufa1.1 mil
11%
Honolulu1.0 mil
11%
Qingdao5.9 mil
11%
Pune6.3 mil
11%
Donetsk1.5 mil
10%
Gaborone0.5 mil
10%
Zanzibar0.5 mil
9%
Townsville0.2 mil
8%
Zhengzhou4.8 mil
8%
Youngstown0.4 mil
7%
Natal1.3 mil
7%
Port Harcourt2.1 mil
7%
Erbil1.2 mil
7%
El Alto0.8 mil
3%
Zacatecas0.3 mil
3%
Querétaro1.3 mil
3%
Vadodara2.1 mil
2%
Uberlândia0.7 mil
2%
Teresina1.2 mil
2%
Warri0.9 mil
1%
Quelimane0.3 mil
1%
Huancayo0.4 mil
1%
Xalapa0.7 mil
1%
Sousse1.0 mil
1%
João Pessoa1.1 mil
1%
Uyo0.4 mil
1%
Oruro0.3 mil
0%
Enugu0.9 mil
0%
Ibagué0.5 mil
0%

Score Distribution

Percentile by Number Answered

Percent of People with Each Score

Your Score History

You have not taken this quiz